00434nam a22001457a 4500008004100000040005500041080001200096100001800108245005500126246002400181260004400205300001100249650001900260653000900279230627b |||||||| |||| 00| 0 eng d aNational Science LibrarycNational Science Library a070bP6 aDas, Bhagwan  aसमाचारों की दुनिया aSamacharon ki Dunia aNew Delhi: bOmega Publications, c2006 a206p.  aCommunication  aNews